Ēṭṭatti. (Record no. 57172)

MARC details
000 -LEADER
fixed length control field 00479cam a22002051 4500
001 - CONTROL NUMBER
control field sa 64002142
003 - CONTROL NUMBER IDENTIFIER
control field DLC
005 - DATE AND TIME OF LATEST TRANSACTION
control field 20260227112008.0
008 - FIXED-LENGTH DATA ELEMENTS--GENERAL INFORMATION
fixed length control field 891023s1962 ii 000 0 malo
010 ## - LIBRARY OF CONGRESS CONTROL NUMBER
LC control number sa 64002142
035 ## - SYSTEM CONTROL NUMBER
System control number (OCoLC)20536377
040 ## - CATALOGING SOURCE
Original cataloging agency DLC
Transcribing agency WaU
Modifying agency DLC
042 ## - AUTHENTICATION CODE
Authentication code premarc
050 00 - LIBRARY OF CONGRESS CALL NUMBER
Classification number PL4718.9.K344
Item number E8
100 1# - MAIN ENTRY--PERSONAL NAME
Personal name Karthikeyan, Alleppey.
245 10 - TITLE STATEMENT
Title Ēṭṭatti.
260 ## - PUBLICATION, DISTRIBUTION, ETC.
Date of publication, distribution, etc. 1962.
300 ## - PHYSICAL DESCRIPTION
Extent 134 p.
Dimensions 18 cm.
500 ## - GENERAL NOTE
General note In Malayalam.

No items available.

Powered by Koha